UBT Library

Clinical diagnosis : (Record no. 43217)

000 -LEADER
fixed length control field 00637nam a2200205 a 4500
001 - CONTROL NUMBER
control field 2439967
005 - DATE AND TIME OF LATEST TRANSACTION
control field 20180222084118.0
008 - FIXED-LENGTH DATA ELEMENTS--GENERAL INFORMATION
fixed length control field 891003s1989 maua 000 0 eng
010 ## - LIBRARY OF CONGRESS CONTROL NUMBER
LC control number 88081561
020 ## - INTERNATIONAL STANDARD BOOK NUMBER
International Standard Book Number 0316475858
040 ## - CATALOGING SOURCE
Original cataloging agency DLC
Transcribing agency DLC
Modifying agency DLC
041 ## - LANGUAGE CODE
Language code of text/sound track or separate title eng
080 ## - UNIVERSAL DECIMAL CLASSIFICATION NUMBER
Universal Decimal Classification number 616.0754 TOD
082 00 - DEWEY DECIMAL CLASSIFICATION NUMBER
Classification number 616.0754 TOD
Edition number 20
100 ## - Rafti
Rafti 4
101 ## - Shkurtesa
Shkurtesa SHM
245 00 - TITLE STATEMENT
Title Clinical diagnosis :
Statement of responsibility, etc edited by Richard D. Judge, George D. Zuidema, Faith T. Fitzgerald ; with illustrations by Mary Ann Olson and Leslie H. Arwin.
906 ## - LOCAL DATA ELEMENT F, LDF (RLIN)
a 7
b cbc
c orignew
d 2
e opcn
f 19
g y-gencatlg
942 ## - ADDED ENTRY ELEMENTS (KOHA)
Source of classification or shelving scheme
Item type Books
Holdings
Withdrawn status Lost status Source of classification or shelving scheme Damaged status Not for loan Collection code Permanent location Current location Shelving location Date acquired Total Checkouts Full call number Barcode Date last seen Price effective from Koha item type
          Koleksioni i përgjithshem UBT - Lipjan UBT - Lipjan Koleksioni i përgjithshem 02/22/2018   616.0754 TOD 002-2999761 02/22/2018 02/22/2018 Books
UBT Library © 2015-2024. All rights reserved University Education for Business and Technology